Especificación de herrajes y accesorios utilizados por la Dirección de Distribución del Instituto Costarricense de Electricidad
Kaydedildi:
| Yazar: | |
|---|---|
| Diğer Yazarlar: | |
| Materyal Türü: | Kitap |
| Baskı/Yayın Bilgisi: |
San José, Costa Rica
1993
|
| Konular: | |
| Etiketler: |
Etiketle
Etiket eklenmemiş, İlk siz ekleyin!
|
MARC
| LEADER | 00000nam a2200000Ia 4500 | ||
|---|---|---|---|
| 003 | 006060 | ||
| 005 | 20240730103354.0 | ||
| 008 | 140114s1993 cr a m 000 ||s d | ||
| 040 | |c cru CEDI | ||
| 090 | |a TFG 2743 | ||
| 100 | |a Ponchner Geller, Marcos, 1969- |9 3452 | ||
| 245 | |a Especificación de herrajes y accesorios utilizados por la Dirección de Distribución del Instituto Costarricense de Electricidad | ||
| 260 | |a San José, Costa Rica |c 1993 | ||
| 300 | |a xvii, 163 hojas ; 28 cm. | ||
| 500 | |a Práctica dirigida (licenciatura en ingeniería mecánica)--Universidad de Costa Rica. Facultad de Ingeniería. Escuela de Ingeniería Mecánica | ||
| 501 | |a Director de Práctica Dirigida de Graduación: Ing. Jorge Ciudad | ||
| 650 | |x HERRAJES - ESPECIFICACIONES |9 10485 | ||
| 700 | |a Zamora Chacón, Federico, 1971- |9 3453 | ||
| 942 | |c TFG |h TFG 2743 |i 006060 |6 TFG_2743_006060000000000 | ||
| 999 | |c 19934 |d 19934 | ||
